| Record ID | marc_records_scriblio_net/part16.dat:39247253:915 |
| Source | Scriblio |
| Download Link | /show-records/marc_records_scriblio_net/part16.dat:39247253:915?format=raw |
LEADER: 00915cam 2200241 a 4500
001 82183671 //r90
003 DLC
005 19900201135446.1
008 830701s1980 dcu 00010 eng
010 $a 82183671 //r90
020 $a0897760441 (pbk.)
040 $aDLC$cDLC$dDLC
043 $an-us---
050 00 $aHE8700.8$b.G36 1980
082 00 $a384.55/44/0973$219
100 10 $aGantz, Walter.
245 10 $aUses and gratifications associated with exposure to public television :$ba report /$cprepared by Walter Gantz for Office of Communication Research, Corporation for Public Broadcasting.
260 0 $aWashington, D.C. :$bCorporation for Public Broadcasting,$cc1980.
300 $a44 leaves ;$c28 cm.
500 $a"March 1980."
650 0 $aPublic television$zUnited States.
650 0 $aTelevision viewers$zUnited States.
710 20 $aCorporation for Public Broadcasting.$bOffice of Communication Research.